Nghiên cứu và phẩm bình luật người cày có ruộng [ của Việt Nam Cộng Hòa ]
Đã lưu trong:
| Príomhúdar: | |
|---|---|
| Formáid: | Leabhar |
| Teanga: | Undetermined |
| Clibeanna: |
Cuir Clib Leis
Gan Chlibeanna, Bí ar an gcéad duine leis an taifead seo a chlibeáil!
|
| Thư viện lưu trữ: | Trung tâm Học liệu Trường Đại học Cần Thơ |
|---|
| LEADER | 00484nam a2200133Ia 4500 | ||
|---|---|---|---|
| 001 | CTU_26395 | ||
| 008 | 210402s9999 xx 000 0 und d | ||
| 082 | |a 342 | ||
| 082 | |b V312 | ||
| 100 | |a Ôn Nhất Vĩnh | ||
| 245 | 0 | |a Nghiên cứu và phẩm bình luật người cày có ruộng [ của Việt Nam Cộng Hòa ] | |
| 245 | 0 | |c Ôn Nhất Vĩnh | |
| 904 | |i Nguyễn Quang Điền, 981013 | ||
| 980 | |a Trung tâm Học liệu Trường Đại học Cần Thơ | ||